| 000 | 00753nam a2200217Ia 4500 | ||
|---|---|---|---|
| 003 | GCL | ||
| 008 | 140319s9999 xx 000 0 ara d | ||
| 040 |
_aGCL / _cGCL |
||
| 082 | 0 | 4 |
_aم _b235.2 _bن ش |
| 100 | 1 | _aالنووى، يحيى بن شرف بن مرى الدمشقى، 1233-1278 م | |
| 245 | 1 | 0 |
_aشرح الامام النووى على صحيح مسلم الجزء الثالث / _cالنووى، يحيى بن شرف بن مرى الدمشقى، 1233-1278 م |
| 260 |
_a[S.N] : _bلا يوجد |
||
| 300 | _a458 ص | ||
| 490 | _a | ||
| 650 | 0 | 4 | _aالحديث |
| 650 | 0 | 4 | _aعلم رواية الحديث |
| 650 | 0 | 4 | _aصحيح مسلم |
| 650 | 0 | 4 | _aالاسناد الصحيح |
| 650 | 0 | 4 | _aكتب الصحيح |
| 942 |
_2ddc _cBK |
||
| 999 |
_c35626 _d35626 |
||